000 01514cam a2200349Ma 4500
001 81624
005 20230411085722.0
006 m u
007 cr cn|||||||||
008 020731s2002 dcu sb 001 0 eng d
010 _z 2002012033
035 _a(OCoLC)ocn232189906
040 _aIOD
_cIOD
_dOCLCQ
020 _z0309072719 (alk. paper)
035 _a(OCoLC)232189906
050 1 4 _aR118
_b.I575 2002eb
082 0 0 _a613
_221
049 _aGRAL
110 2 _aInstitute of Medicine (U.S.).
_bCommittee on Communication for Behavior Change in the 21st Century: Improving the Health of Diverse Populations.
245 1 0 _aSpeaking of health
_h[electronic resource] :
_bassessing health communication strategies for diverse populations /
_cCommittee on Communication for Behavior Change in the 21st Century: Improving the Health of Diverse Populations, Board on Neuroscience and Behavioral Health, Institute of Medicine.
260 _aWashington, D.C. :
_bNational Academies Press,
_cc2002.
300 _axix, 356 p. ;
_c24 cm.
504 _aIncludes bibliographical references and index.
533 _aElectronic reproduction.
_bMountain View, California :
_cebrary,
_d2002.
_nAvailable via World Wide Web
_nAccess may be limited to ebrary affiliated libraries.
650 0 _aCommunication in medicine.
650 0 _aHealth promotion.
655 7 _aElectronic books.
_2local
710 2 _aebrary, Inc.
856 4 0 _uhttp://www.ebrary.com/
942 _2lcc
_cbk
994 _aC0
_bDRFGD
999 _c106388
_d106388